| 000 | 00788nam a22002177a 4500 | ||
|---|---|---|---|
| 999 |
_c12018 _d12018 |
||
| 003 | AR-CdUCM | ||
| 008 | 190405b ||||| |||| 00| 0 spa d | ||
| 040 |
_aMUNICIPALIDAD PROVINCIAL DEL CUSCO _cBIBLIOTECA MUNICIPAL DEL CUSCO |
||
| 082 |
_aC / 869.53 / _bC35 |
||
| 100 |
_aCastro Loayza, Arturo _914832 |
||
| 245 |
_aPoesía quechua : _bcapítulo del libro intitulado Itinerario de la poesía en el Perú / |
||
| 260 |
_aCusco : _bEdiciones Grupo Tradición del Perú, _c1953. |
||
| 300 |
_a31 páginas ; _c24 cm. |
||
| 500 | _aTraducciones al quechua. | ||
| 505 | _aContenido: Poesías en Quechua. | ||
| 650 |
_aPoesía peruana (Indígena) _925188 |
||
| 650 |
_aLiteratura Peruana _9132 |
||
| 650 |
_aHistoria y crítica _95993 |
||
| 942 |
_2ddc _cLIBROS |
||
| 945 |
_aachl _d2019-04-05 |
||